<?xml version="1.0" encoding="UTF-8"?>
<marc:record xmlns:marc="http://www.loc.gov/MARC21/slim">
   <marc:leader>00000nam a2200000 a 4500</marc:leader>
   <marc:datafield ind1="1" ind2=" " tag="100">
      <marc:subfield code="a">Cimino, Michael [Regie]</marc:subfield>
      <marc:subfield code="4">aut</marc:subfield>
      <marc:subfield code="e">Verfasser/-in</marc:subfield>
   </marc:datafield>
   <marc:datafield ind1="1" ind2=" " tag="100">
      <marc:subfield code="a">Streep, Meryl</marc:subfield>
   </marc:datafield>
   <marc:datafield ind1="1" ind2=" " tag="100">
      <marc:subfield code="a">De Niro, Robert</marc:subfield>
   </marc:datafield>
   <marc:datafield ind1="1" ind2=" " tag="100">
      <marc:subfield code="a">Cimino, Michael</marc:subfield>
   </marc:datafield>
   <marc:datafield ind1=" " ind2=" " tag="653">
      <marc:subfield code="a">Antikriegsfilm</marc:subfield>
   </marc:datafield>
   <marc:datafield ind1=" " ind2=" " tag="653">
      <marc:subfield code="a">Vietnamkrieg</marc:subfield>
   </marc:datafield>
   <marc:datafield ind1=" " ind2=" " tag="653">
      <marc:subfield code="a">Hölle</marc:subfield>
   </marc:datafield>
   <marc:datafield ind1="0" ind2="0" tag="245">
      <marc:subfield code="a">Die durch die Hölle gehen</marc:subfield>
   </marc:datafield>
   <marc:datafield ind1="0" ind2="0" tag="245">
      <marc:subfield code="c">ein Film von Michael Cimino. Darst.: Robert De Niro, Christopher Walken, Meryl Streep, John Cazale...</marc:subfield>
   </marc:datafield>
   <marc:datafield ind1=" " ind2="1" tag="264">
      <marc:subfield code="b">Arthaus</marc:subfield>
   </marc:datafield>
   <marc:datafield ind1="1" ind2=" " tag="520">
      <marc:subfield code="a">Die Hochzeitsfeier wird für den jungen Ehemann und zwei seiner Freunde zum bitteren Abschied. Am nächsten Tag werden Mike, Steven und Nick direkt in die tosende Hölle des Vietnamkrieges geschickt. Nach erbarmungslosem Kampf werden die drei im Dschungel gefangengenommen. Ihre Aufseher spielen mit den Gefangenen ein tödliches Spiel: Russisches Roulette. Nach gelungener Flucht kehrt Mike als gebrochener Mann in die Heimat zurück. Nick, der beim Roulette überlebte, verdingt sich als "Unbesiegbarer" dieses teuflischen Spiels in den Vergnügungsvierteln von Vietnam. Mike fliegt zurück, um seinen Freund auch aus dieser Hölle herauszuholen.</marc:subfield>
   </marc:datafield>
   <marc:datafield ind1=" " ind2=" " tag="020">
      <marc:subfield code="a">? 25,00</marc:subfield>
      <marc:subfield code="9">? 25,00</marc:subfield>
   </marc:datafield>
   <marc:datafield ind1=" " ind2=" " tag="041">
      <marc:subfield code="a">ger</marc:subfield>
   </marc:datafield>
   <marc:datafield ind1=" " ind2=" " tag="500">
      <marc:subfield code="a">ausgezeichnet mit 5 Oscars, Oscar Bester Film, Beste Regie, Bester Nebendarsteller 1979</marc:subfield>
   </marc:datafield>
   <marc:datafield ind1="0" ind2=" " tag="490">
      <marc:subfield code="v">0</marc:subfield>
   </marc:datafield>
   <marc:datafield ind1=" " ind2=" " tag="300">
      <marc:subfield code="a">2 DVDs : 175 Min.</marc:subfield>
   </marc:datafield>
</marc:record>
